000 00553 a2200169 4500
999 _c6763
_d6763
020 _a0949225207
050 _aPL8842 MAT 1984
100 _aMatindike, S
_eAuthor
245 _aIlifa lesizwe :
_buhlelo olutsha lwesindebele: ibhuku 7 lihlelwe kutsha /
_cSheila Matindike and Naume Mabel M. Dube
264 _aHarare:
_bZimbabwe Publishing House,
_c1984.
300 _a154p. :
440 _aZPH Primary School Ndebele Series
500 _aIn Ndebele
650 _aNdebele
_xLanguages
700 _aDube, Naume M.
_eAuthor
942 _2lcc
_cBK
_h8842
_iMAT
_kPL